000 00437nam a2200169Ia 4500
005 20250423101154.0
008 250422s9999 xx 000 0 und d
020 _a0312402635
050 _aPN 6013 .B353/
245 4 _aThe bedford anthology of world literature : the eighteenth century, 1650-1800
260 _aNew York
260 _bBedford/ST.Matins
260 _c2003
300 _a913 p
650 _aLiterature
942 _cBK
999 _c35508
_d35508